000 01019nam a2200217 i 4500
001 158736
003 ES-MaACL
005 20250820063046.0
008 920812s1880 ne h |||| |afre d
040 _aCAT
_bspa
_cCAT
_dCCPB
043 _ae-uk
100 1 _aEstuardo, María II,
_cReina de Inglaterra,
_d1662-1694
_9129676
245 1 0 _aLettres et mémoires de Marie, reine d'Angleterre, épouse de Guillaume III
_b: collection de documents authentiques inédits conservés aux archives des comtes d'Aldenbourg Bentinck et du baron de Heeckeren de Wassenaer /
_c[publ. par Mechtild, comtesse Bentinck, comtesse de Waldeck-Pyrmont].
260 _aLa Haye :
_bMartinus Nijhoff ;
_aParis :
_bG. Fischbacher ;
_aLondres :
_bD. Nutt,
_c1880.
300 _aX, 165 p., [2] h. pleg. ;
_c21 cm.
597 _aFacs.
600 1 4 _aEstuardo, María II,
_cReina de Inglaterra,
_d1662-1694
_9129676
700 1 _aBentinck, Mechtild de.
_9159379
852 _aES-MaACL
_jG-13667
_z-- Rúst.
999 _c158736
_d158736